| Поле | Инд. | ПП | Название | Значение |
|---|---|---|---|---|
| Тип записи | a | |||
| Библиографический уровень | m | |||
| 001 | Контрольный номер | 9e5593f9-f5a3-4d42-aeb0-ab055f67d9e2 | ||
| 005 | Дата корректировки | 20200513110309.6 | ||
| 008 | Кодируемые данные | 040914 | ||
| 020 | c | Цена, тираж | 12.00 | |
| 040 | a | Служба первич. каталог. | НБ ТвГУ | |
| 041 | 0_ | a | Код языка текста | rus |
| 080 | a | Индекс УДК | 796.012.61-055.2 | |
| a | Индекс УДК | 613.99 | ||
| 084 | a | Индекс другой классификации/Индекс ББК | Ч511.160.5 | |
| a | Индекс другой классификации/Индекс ББК | Р120.4 | ||
| a | Индекс другой классификации/Индекс ББК | Р714 | ||
| 090 | a | Полочн. индекс | 7А.06 | |
| x | Авторский знак | Л 40 | ||
| 100 | 1_ | a | Автор | Лежнева Светлана Борисовна |
| e | Роль лиц | Автор | ||
| 245 | 00 | a | Заглавие | Дочки-матери |
| c | Ответственность | С. Б. Лежнева | ||
| 260 | 0_ | a | Место издания | Москва |
| b | Издательство | Физкультура и спорт | ||
| c | Дата издания | 1986 | ||
| 300 | a | Объем | 110,[1] с. | |
| b | Иллюстрации/ тип воспроизводства | ил. | ||
| 440 | _0 | a | Серия | Физкультура и здоровье |
| 583 | a | Действие | Приписка 343 13.09.2004 | |
| k | Исполнитель действия | Дар Меркуловой Е.Г. | ||
| 653 | 0_ | a | Ключевые слова | Гигиена женщины |
| a | Ключевые слова | Женщины | ||
| a | Ключевые слова | Здоровье женщины | ||
| a | Ключевые слова | Спорт | ||
| a | Ключевые слова | Физическая культура | ||
| a | Ключевые слова | Физическое воспитание женщин | ||
| a | Ключевые слова | Здоровье женщины | ||
| 888 | a | бесплатно | ||
| 901 | t | Тип документа | m | |
| 920 | a | Оператор | Лиси | |
| a | Оператор | Суха | ||
| 930 | a | Новая/Ретро | ретро | |
| 952 | p | 343.2004 12.00 1 788905 | ||
| c | Вид литературы | К рн | ||
| 954 | a | Дата поступления на обработку | 20040915 | |
| 954 | a | Дата поступления на обработку | 20200513 |